[Event "GER-chT Federal Cup (Women)"]
[Site "Braunfels"]
[Date "2014.06.21"]
[Round "4.8"]
[White "Kurzenberger, Stefanie"]
[Black "Menzel, Renate"]
[Result "1/2-1/2"]
[WhiteElo "1333"]
[BlackElo "1270"]
[PlyCount "68"]
[EventDate "2014.06.19"]
[EventType "team-swiss"]
[EventRounds "5"]
[EventCountry "GER"]
[SourceTitle "EXT 2015"]
[Source "ChessBase"]
[SourceDate "2014.11.20"]
[SourceVersion "1"]
[SourceVersionDate "2014.11.20"]
[SourceQuality "1"]
[WhiteTeam "Saarland (W)"]
[BlackTeam "Mecklenburg Vorpommern (W)"]
[WhiteTeamCountry "GER"]
[BlackTeamCountry "GER"]

1. e4 e5 2. Nf3 Nc6 3. Nc3 Nf6 4. Bb5 Bb4 5. 0-0 0-0 6. d3 d6 7. Bg5 Bxc3 8. bxc3 Bg4 9. h3 Bh5 10. Bxc6 bxc6 11. d4 h6 12. Bxf6 Qxf6 13. Qd3 Bxf3 14. Qxf3 Qxf3 15. gxf3 exd4 16. cxd4 Rab8 17. Rab1 f6 18. Rfe1 Rb6 19. Rb3 Rfb8 20. e5 Rxb3 21. axb3 fxe5 22. dxe5 dxe5 23. Rxe5 Kf7 24. Ra5 Rb7 25. Ra6 c5 26. Rc6 Ke7 27. Rxc5 Kd6 28. Rc4 c6 29. Kf1 Re7 30. Re4 Rf7 31. Ke2 Kd5 32. Ke3 c5 33. c4+ Kd6 34. Rg4 Re7+ 1/2-1/2